00703nam a22002057a 450000500170000001000140001702000270003103500130005803700130007108200080008410000240009224500420011626000400015827000480019830000270024650000500027394200220032399900170034595201350036220100730124347.0 aENG-97443 a9788184840445c2250.00 aEN-80976 bDBAD/PUB a657 a G. Rajendren93549 aManagement accounting /cRajendren G. aNew DelhibRegal Publicationsc2009 aF-159, Rajouri Garden, bNew Delhie110 027 axiv, 521p.c24 cm (Hb) aIncludes bibliagraphical references and index 2ddccENh657mRAJ c38238d38238 001040718NFICaDBADbDBADd2010-07-30eDBAD/PUBg2250.00l0o657 GRApEN-80976r2010-07-30 00:00:00t1v2250.00w2010-07-30yEN